| 000 | 00499nam a2200169 i 4500 | ||
|---|---|---|---|
| 001 | 22029 | ||
| 003 | ES-MaACL | ||
| 007 | t| | ||
| 008 | 021129s1961 sp ||||1| spa d | ||
| 100 | 1 |
_aAlfaro Segovia, Enrique. _919820 |
|
| 245 | 1 | 0 |
_aCurso de electricidad industrial / _cpor Enrique Alfaro Segovia. |
| 250 | _a3ª ed. | ||
| 260 |
_aMadrid : _b[s.n., _c1961] ( _fNuevas Gráficas) |
||
| 300 |
_aXVI, 312 p. : _bil. ; _c25 cm. |
||
| 505 | 8 | _aContiene: T. I | |
| 852 |
_aES-MaACL _jE-3360 _bR.48188 |
||
| 999 |
_c22029 _d22029 |
||